[Event "16th 4NCL Congress"]
[Site "Coventry"]
[Date "2017.11.04"]
[Round "3"]
[Board "7"]
[White "Gogia, Armaan"]
[Black "Abbott, Mark V"]
[Result "1/2-1/2"]
[WhiteElo "1545"]
[BlackElo "1867"]
[PlyCount "102"]
[EventDate "2017.11.03"]
[EventRounds "5"]
[EventCountry "ENG"]

1. e4 c5 2. Nf3 g6 3. d4 cxd4 4. Nxd4 Nc6 5. Nc3 Bg7 6. Be3 Nf6 7. Nxc6 bxc6 8.
e5 Nd5 9. Nxd5 cxd5 10. Qxd5 Rb8 11. Bc4 O-O 12. O-O Bb7 13. Qc5 Qc8 14. Qxc8
Rfxc8 15. Bb3 Bxe5 16. Rad1 Ba6 17. Rfe1 Bd6 18. Bxa7 Ra8 19. Bd4 Bc4 20. Bc3
Bxb3 21. axb3 f5 22. g3 Kf7 23. Be5 Rxc2 24. Bxd6 exd6 25. Rxd6 Ra7 26. Red1
Rcc7 27. b4 Rab7 28. R6d4 Ke7 29. Re1+ Kf7 30. Re3 Rb5 31. Kg2 Rcb7 32. Rb3 Ke6
33. Kf3 Ke5 34. Ke3 d5 35. f4+ Kd6 36. Kd3 Rb8 37. Kc2 R8b7 38. Rbd3 Rxb4 39.
Rxd5+ Ke6 40. Re5+ Kf6 41. b3 R7b6 42. Rc3 g5 43. Rcc5 gxf4 44. Rxf5+ Kg6 45.
Rg5+ Kf6 46. gxf4 Rxb3 47. Rh5 Rb2+ 48. Kd3 R2b3+ 49. Ke2 Rb2+ 50. Kf3 R6b3+
51. Ke4 Rb4+ 1/2-1/2

[Event "16th 4NCL Congress"]
[Site "Coventry"]
[Date "2017.11.04"]
[Round "3"]
[Board "8"]
[White "David, Ivan"]
[Black "Holroyd, Nigel P"]
[Result "0-1"]
[WhiteElo "1848"]
[BlackElo "1997"]
[PlyCount "87"]
[EventDate "2017.11.03"]
[EventRounds "5"]
[EventCountry "ENG"]

1. d4 d5 2. c4 c6 3. cxd5 cxd5 4. Nc3 e6 5. Bf4 a6 6. e3 Bd6 7. Bxd6 Qxd6 8. f4
Nf6 9. Bd3 b5 10. Nf3 O-O 11. Ne5 Bb7 12. O-O Nbd7 13. Rc1 Rfc8 14. Bb1 Rc7 15.
Rf2 Rac8 16. Rfc2 Ne4 17. Nxe4 dxe4 18. Rxc7 Rxc7 19. Rxc7 Qxc7 20. Nxd7 Qxd7
21. Qc2 Qc6 22. Qc5 Qxc5 23. dxc5 b4 24. Bc2 Bc6 25. g4 Kf8 26. h4 Ke7 27. g5
Kd7 28. Kf2 f5 29. Ke1 Kc7 30. a3 a5 31. Kd2 Kb7 32. a4 Bd5 33. b3 Kc6 34. Bd1
Kxc5 35. Bc2 Bb7 36. Bd1 Ba6 37. Bh5 Kd6 38. Bd1 Kd5 39. Bh5 Bd3 40. Bf7 Ba6
41. Bg8 h6 42. Bf7 Kd6 43. Bg6 Bb7 44. Ke1 0-1

[Event "16th 4NCL Congress"]
[Site "Coventry"]
[Date "2017.11.04"]
[Round "3"]
[Board "9"]
[White "Hymer, Barry J"]
[Black "Ireland, David J"]
[Result "1-0"]
[WhiteElo "1809"]
[BlackElo "1972"]
[PlyCount "63"]
[EventDate "2017.11.03"]
[EventRounds "5"]
[EventCountry "ENG"]

1. d4 Nf6 2. Nf3 c5 3. d5 g6 4. Nc3 Bg7 5. e4 d6 6. h3 O-O 7. Bd3 e6 8. O-O
Nbd7 9. dxe6 fxe6 10. Bg5 Qe8 11. a4 d5 12. exd5 Nxd5 13. Ne4 Ne5 14. Nxe5 Bxe5
15. c3 Qc6 16. Re1 b6 17. Bb5 Qc7 18. Qg4 Rf5 19. Rad1 a6 20. Bc4 Bb7 21. f4
Bg7 22. Ng3 h6 23. Rxe6 b5 24. Nxf5 gxf5 25. Qxf5 bxc4 26. Bxh6 Rf8 27. Qg4 Rf7
28. f5 Kf8 29. Rde1 Bc6 30. Qh5 Qg3 31. Bxg7+ Qxg7 32. Rxc6 1-0

[Event "16th 4NCL Congress"]
[Site "Coventry"]
[Date "2017.11.04"]
[Round "3"]
[Board "10"]
[White "Fryer, David W"]
[Black "Varney, Daniel"]
[Result "1/2-1/2"]
[WhiteElo "1937"]
[BlackElo "1746"]
[PlyCount "61"]
[EventDate "2017.11.03"]
[EventRounds "5"]
[EventCountry "ENG"]

1. e4 d6 2. d4 Nf6 3. Nc3 g6 4. Nf3 Bg7 5. Be3 c6 6. h3 b5 7. a3 a5 8. Bd3 Ba6
9. O-O Qb6 10. Re1 b4 11. e5 bxc3 12. exf6 Bxf6 13. bxc3 O-O 14. Rb1 Qc7 15.
Bg5 Nd7 16. Qe2 Bxd3 17. cxd3 Rab8 18. Bxf6 Nxf6 19. Rxb8 Rxb8 20. Qxe7 Qxe7
21. Rxe7 Rb3 22. a4 Rxc3 23. Ra7 Rxd3 24. Rxa5 Ne4 25. Ra8+ Kg7 26. a5 Rd1+ 27.
Kh2 Nd2 28. Nxd2 Rxd2 29. Rc8 Rxd4 30. Rxc6 Ra4 31. Rxd6 1/2-1/2

[Event "16th 4NCL Congress"]
[Site "Coventry"]
[Date "2017.11.04"]
[Round "3"]
[Board "11"]
[White "Rowan, Daniel"]
[Black "Pink, Joshua"]
[Result "0-1"]
[WhiteElo "1813"]
[BlackElo "1925"]
[PlyCount "108"]
[EventDate "2017.11.03"]
[EventRounds "5"]
[EventCountry "ENG"]

1. d4 d5 2. c4 dxc4 3. e3 a6 4. Bxc4 e6 5. Nf3 Nf6 6. O-O b5 7. Bb3 c5 8. Qe2
Bb7 9. Rd1 c4 10. Bc2 Nc6 11. Nbd2 Qc7 12. e4 Be7 13. Nf1 Nb4 14. Bb1 Nd3 15.
Ng3 Nxc1 16. Rxc1 Qf4 17. Re1 Bb4 18. Rd1 O-O 19. a4 Rfd8 20. axb5 axb5 21.
Rxa8 Rxa8 22. b3 Rc8 23. bxc4 Rxc4 24. Bd3 Rc1 25. Rxc1 Qxc1+ 26. Qf1 Qxf1+ 27.
Kxf1 Kf8 28. Ke2 Ba5 29. Bxb5 Nxe4 30. Nxe4 Bxe4 31. g3 Ke7 32. Ne5 Bb6 33. h4
f6 34. Nf3 Kd6 35. Bd3 Kd5 36. Ke3 Bxd3 37. Kxd3 Ba7 38. g4 h6 39. g5 h5 40.
gxf6 gxf6 41. Kc3 Ke4 42. Nd2+ Kf4 43. Kd3 f5 44. Nb3 Kg4 45. Ke2 Kxh4 46. Kf1
Kg4 47. Kg2 Bb6 48. f3+ Kf4 49. Nc5 Bxc5 50. dxc5 Ke5 51. Kg3 Kd5 52. Kh4 Kxc5
53. Kxh5 Kd4 54. Kh4 Ke3 0-1

[Event "16th 4NCL Congress"]
[Site "Coventry"]
[Date "2017.11.04"]
[Round "3"]
[Board "12"]
[White "Goodhead, James W"]
[Black "Goodfellow, Russell R"]
[Result "0-1"]
[WhiteElo "1896"]
[BlackElo "1804"]
[PlyCount "28"]
[EventDate "2017.11.03"]
[EventRounds "5"]
[EventCountry "ENG"]

1. d4 f5 2. Nf3 e6 3. Bf4 d6 4. Nbd2 Nf6 5. e3 Be7 6. h3 O-O 7. Bd3 Nc6 8. c3
Qe8 9. O-O Bd8 10. e4 fxe4 11. Nxe4 Nxe4 12. Bxe4 Rxf4 13. Qd3 Qh5 14. Rfe1 d5
 0-1

[Event "16th 4NCL Congress"]
[Site "Coventry"]
[Date "2017.11.04"]
[Round "3"]
[Board "13"]
[White "Guha, Chirag"]
[Black "Quraishi, Shahab Ua"]
[Result "1-0"]
[WhiteElo "1768"]
[BlackElo "1892"]
[PlyCount "65"]
[EventDate "2017.11.03"]
[EventRounds "5"]
[EventCountry "ENG"]

1. d4 d6 2. c4 g6 3. Nf3 Bg7 4. Nc3 Nd7 5. g3 e6 6. Bg2 Ne7 7. e4 O-O 8. O-O a6
9. Qc2 Rb8 10. a4 b6 11. Rd1 Qe8 12. b4 Bb7 13. Be3 h6 14. a5 bxa5 15. Rxa5 Nc6
16. Ra3 Nxb4 17. Qb2 Bc8 18. Rb3 Nc6 19. Rxb8 Ncxb8 20. d5 a5 21. Qa3 Na6 22.
Qxa5 exd5 23. exd5 Ne5 24. Nxe5 Qxe5 25. Nb5 Qe7 26. Rb1 Bf5 27. Rc1 Ra8 28. c5
Bb2 29. Re1 Bd3 30. Bd4 Qd8 31. Bxb2 Nxc5 32. Qc3 f6 33. Nd4 1-0

[Event "16th 4NCL Congress"]
[Site "Coventry"]
[Date "2017.11.04"]
[Round "3"]
[Board "14"]
[White "Nwachukwu, Chino"]
[Black "Reid, Patrick D"]
[Result "0-1"]
[WhiteElo "1870"]
[BlackElo "1770"]
[PlyCount "84"]
[EventDate "2017.11.03"]
[EventRounds "5"]
[EventCountry "ENG"]

1. e4 e6 2. d4 d5 3. Nd2 c5 4. Ngf3 Nf6 5. e5 Nfd7 6. c3 Nc6 7. Bd3 f6 8. O-O
Be7 9. Re1 cxd4 10. cxd4 O-O 11. exf6 Nxf6 12. Nf1 Bd7 13. a3 Rc8 14. Bg5 Qb6
15. b4 Nd8 16. Ne5 Be8 17. Ng3 Nf7 18. Bxf6 Bxf6 19. Qh5 Nh6 20. Qd1 Bxe5 21.
Rxe5 Rxf2 22. Bxh7+ Kxh7 23. Kxf2 Bg6 24. Ra2 Rc1 25. Qxc1 Qxd4+ 26. Re3 Ng4+
27. Kf3 Nxh2+ 28. Ke2 Qg4+ 29. Ke1 d4 30. Rb3 d3 31. Qe3 Qc4 32. Rbb2 Ng4 33.
Qc5 Qf4 34. Nh5 Qe4+ 35. Kf1 e5 36. Nxg7 Nh2+ 37. Kf2 Ng4+ 38. Kg3 Qf4+ 39. Kh3
Kxg7 40. Qe7+ Bf7 41. g3 Qf5 42. Kh4 Qh5# 0-1

[Event "16th 4NCL Congress"]
[Site "Coventry"]
[Date "2017.11.04"]
[Round "3"]
[Board "15"]
[White "Hall, David G"]
[Black "Robinson, Brian"]
[Result "0-1"]
[WhiteElo "1756"]
[BlackElo "1593"]
[PlyCount "164"]
[EventDate "2017.11.03"]
[EventRounds "5"]
[EventCountry "ENG"]

1. d4 d5 2. c4 e6 3. Nf3 Nf6 4. Nbd2 Be7 5. g3 O-O 6. Bg2 c6 7. O-O Nbd7 8. Qc2
b6 9. e4 dxe4 10. Nxe4 Bb7 11. Rd1 Nxe4 12. Qxe4 Nf6 13. Qe2 Qc7 14. Bf4 Bd6
15. Bxd6 Qxd6 16. Ne5 Qc7 17. c5 b5 18. a4 a6 19. axb5 axb5 20. Bh3 Kh8 21. Bg2
Kg8 22. h4 Rfd8 23. Rxa8 Rxa8 24. h5 h6 25. Bh3 Kh8 26. Qf3 Kg8 27. Bg2 Nd5 28.
Qe2 Ra2 29. Bxd5 exd5 30. Rd2 Ra8 31. Kg2 Re8 32. Qf3 Qe7 33. g4 f6 34. Ng6 Qe4
35. Qxe4 Rxe4 36. f3 Re8 37. Kf2 Kf7 38. Re2 Rxe2+ 39. Kxe2 f5 40. b4 Kf6 41.
Kf2 Kg5 42. Kg3 fxg4 43. fxg4 Bc8 44. Ne5 Bb7 45. Nf7+ Kf6 46. Nd6 Ba8 47. Kf4
g5+ 48. hxg6 Kxg6 49. Kf3 Kg5 50. Kg3 Kf6 51. Kh4 Kg6 52. Nf5 Bb7 53. Nd6 Ba8
54. Kg3 Kg5 55. Nf7+ Kg6 56. Ne5+ Kg5 57. Kf3 Bb7 58. Kg3 Ba8 59. Nf3+ Kg6 60.
Kf4 Kf6 61. g5+ hxg5+ 62. Nxg5 Bb7 63. Nf3 Ba8 64. Nh2 Bb7 65. Ng4+ Ke6 66. Kg5
Ke7 67. Ne5 Ba8 68. Kf5 Bb7 69. Nd3 Bc8+ 70. Ke5 Bd7 71. Nf4 Be8 72. Nxd5+ cxd5
73. Kxd5 Kd7 74. Ke5 Kc7 75. d5 Bd7 76. c6 Bh3 77. Kd4 Kd6 78. c7 Bd7 79. Ke4
Kxc7 80. Ke5 Bh3 81. d6+ Kc6 82. d7 Bxd7 0-1

[Event "16th 4NCL Congress"]
[Site "Coventry"]
[Date "2017.11.04"]
[Round "3"]
[Board "16"]
[White "Davies, Sam"]
[Black "Angheluta, Ovidiu"]
[Result "0-1"]
[WhiteElo "1731"]
[BlackElo "1866"]
[PlyCount "44"]
[EventDate "2017.11.03"]
[EventRounds "5"]
[EventCountry "ENG"]

1. d4 Nf6 2. Nf3 e6 3. Bg5 c5 4. c3 Nc6 5. e3 d5 6. Nbd2 Be7 7. Bd3 Nd7 8. Bxe7
Qxe7 9. O-O e5 10. dxe5 Ndxe5 11. Nxe5 Nxe5 12. Bb5+ Bd7 13. Bxd7+ Qxd7 14. Nf3
Nc6 15. Qe2 O-O-O 16. Rfd1 Rhe8 17. Qc2 h6 18. b4 c4 19. a4 Ne5 20. Nxe5 Rxe5
21. Rd4 g5 22. Rad1 22... Qe6 {
Unable to read either scoresheet beyond this point. 0-1 in 52 moves.} 0-1

[Event "16th 4NCL Congress"]
[Site "Coventry"]
[Date "2017.11.04"]
[Round "3"]
[Board "17"]
[White "Royal, Shreyas"]
[Black "Gibbs, Dominic V"]
[Result "1-0"]
[WhiteElo "1724"]
[BlackElo "1847"]
[PlyCount "47"]
[EventDate "2017.11.03"]
[EventRounds "5"]
[EventCountry "ENG"]

1. d4 d6 2. c4 Nf6 3. Nc3 g6 4. e4 Bg7 5. Nge2 Nbd7 6. Ng3 c5 7. d5 h5 8. Be2
h4 9. Nf1 a6 10. Ne3 Rb8 11. Bd2 b5 12. cxb5 axb5 13. Bxb5 Rxb5 14. Nxb5 Nxe4
15. Nc3 Nef6 16. O-O Nb6 17. a4 Bb7 18. Qb3 Ba8 19. a5 Nbd7 20. a6 Rh5 21. Rfd1
Qb6 22. Nb5 Nxd5 23. Ba5 Qxa6 24. Nxd5 1-0

[Event "16th 4NCL Congress"]
[Site "Coventry"]
[Date "2017.11.04"]
[Round "3"]
[Board "18"]
[White "Jacob, Sydney J"]
[Black "Lovell, William Pm"]
[Result "1/2-1/2"]
[WhiteElo "1845"]
[BlackElo "1635"]
[PlyCount "145"]
[EventDate "2017.11.03"]
[EventRounds "5"]
[EventCountry "ENG"]

1. d4 d5 2. c4 dxc4 3. e4 e5 4. Bxc4 Qxd4 5. Qxd4 exd4 6. Nf3 Bc5 7. O-O Ne7 8.
Bf4 Bb6 9. Nbd2 Ng6 10. Bg3 O-O 11. Bb3 c5 12. Nc4 Nc6 13. Bd6 Re8 14. Rfe1 h6
15. a4 Na5 16. Nfd2 Nxb3 17. Nxb3 Be6 18. Nbd2 Rac8 19. g3 f6 20. Rac1 Bd8 21.
f4 Bf7 22. e5 Bd5 23. f5 Nf8 24. Bxf8 Rxf8 25. Nd6 Rc7 26. Nb5 Rc6 27. Nxa7 Rc7
28. Nc4 Be7 29. Nb6 Bb3 30. Nb5 Rc6 31. Nd7 Bxa4 32. Nxf8 Bxf8 33. Nd6 Bxd6 34.
exd6 Rxd6 35. Ra1 Bc6 36. Re7 Rd8 37. Kf2 Kf8 38. Rc7 Re8 39. Re1 Rxe1 40. Kxe1
h5 41. h3 c4 42. Rc8+ Kf7 43. Rc7+ Kf8 44. Kd2 d3 45. Ke3 Bd5 46. Rc8+ Ke7 47.
Rh8 Bf7 48. Kd2 Be8 49. g4 hxg4 50. hxg4 Bc6 51. Rh3 Bd5 52. Re3+ Kf7 53. Rh3
Ke7 54. Rh7 Kf7 55. Rh8 Ke7 56. Rc8 Kd7 57. Rh8 Ke7 58. Ke3 Bc6 59. Rh2 Kd6 60.
Rh7 Ke7 61. Rxg7+ Kf8 62. Rc7 Ke8 63. Rh7 Kf8 64. Rh2 Kf7 65. Kf4 b5 66. g5
fxg5+ 67. Kxg5 b4 68. Rh7+ Ke8 69. Rh8+ Ke7 70. Rh7+ Ke8 71. Rh8+ Ke7 72. Rh7+
Ke8 73. Rh8+ 1/2-1/2

[Event "16th 4NCL Congress"]
[Site "Coventry"]
[Date "2017.11.04"]
[Round "3"]
[Board "19"]
[White "See, Tristian"]
[Black "Potter, Steven"]
[Result "1/2-1/2"]
[WhiteElo "1683"]
[BlackElo "1842"]
[PlyCount "67"]
[EventDate "2017.11.03"]
[EventRounds "5"]
[EventCountry "ENG"]

1. e4 e6 2. Nf3 b6 3. Nc3 Bb4 4. d4 Bb7 5. Bd3 Nf6 6. Qe2 d5 7. exd5 Qxd5 8.
O-O Bxc3 9. bxc3 Qh5 10. c4 O-O 11. c3 Nbd7 12. Bf4 c5 13. Ne5 Qxe2 14. Bxe2
Nxe5 15. Bxe5 Ne4 16. Bf3 f5 17. Rfe1 Rac8 18. Rac1 Ba6 19. Bxe4 fxe4 20. Rxe4
cxd4 21. Rxd4 Bxc4 22. Rd7 Rf7 23. Rcd1 Bd5 24. Rxf7 Kxf7 25. Rd4 Rc4 26. a3
Rxd4 27. Bxd4 g6 28. f3 Ke7 29. Kf2 Kd6 30. Ke2 e5 31. Be3 Bc4+ 32. Kd2 Kc6 33.
f4 exf4 34. Bxf4 1/2-1/2

[Event "16th 4NCL Congress"]
[Site "Coventry"]
[Date "2017.11.04"]
[Round "3"]
[Board "20"]
[White "Peev, Georgi"]
[Black "Jackson, Gary C"]
[Result "0-1"]
[WhiteElo "1589"]
[BlackElo "1812"]
[PlyCount "120"]
[EventDate "2017.11.03"]
[EventRounds "5"]
[EventCountry "ENG"]

1. e4 c5 2. f4 d6 3. d3 Nc6 4. Nf3 g6 5. Be2 Bg7 6. c3 Nf6 7. h3 b5 8. Qc2 b4
9. d4 cxd4 10. cxd4 Bd7 11. O-O Nh5 12. Qd3 Ng3 13. Re1 Nxe2+ 14. Rxe2 Rc8 15.
Be3 Na5 16. e5 O-O 17. g4 Nc4 18. b3 Nxe3 19. Qxe3 Bb5 20. Rf2 Qc7 21. Nbd2 Qc3
22. Qxc3 bxc3 23. Ne4 c2 24. Rc1 Bd3 25. Nfd2 dxe5 26. dxe5 Rfd8 27. Ng3 e6 28.
Kg2 Bf8 29. Nc4 Bc5 30. Rd2 Bb4 31. Rxd3 Rxd3 32. Rxc2 Rc3 33. Rxc3 Bxc3 34.
Ne4 Bb4 35. Ned6 Bxd6 36. exd6 f6 37. Kf3 Kf8 38. Ke4 Rc5 39. Ne3 Ke8 40. Kd4
Rc1 41. Nc4 Kd7 42. Kc5 Rf1 43. f5 gxf5 44. g5 fxg5 45. Ne5+ Kc8 46. Kc6 Rc1+
47. Nc4 f4 48. d7+ Kd8 49. Kd6 Rd1+ 50. Kxe6 Rxd7 51. Kf5 f3 52. Ne3 Re7 53.
Ng4 h5 54. Nf2 Re2 55. Nh1 Rh2 56. Ng3 Rxh3 57. Ne4 g4 58. Kf4 Rh2 59. Kg3 Rxa2
60. Nf6 Rg2+ 0-1

[Event "16th 4NCL Congress"]
[Site "Coventry"]
[Date "2017.11.04"]
[Round "3"]
[Board "21"]
[White "Frith, Shane S"]
[Black "Milton, Peter"]
[Result "1-0"]
[WhiteElo "1603"]
[BlackElo "1784"]
[PlyCount "71"]
[EventDate "2017.11.03"]
[EventRounds "5"]
[EventCountry "ENG"]

1. e4 d5 2. e5 c5 3. c3 Nc6 4. d4 cxd4 5. cxd4 e6 6. Nf3 Bd7 7. Nc3 a6 8. Bd3
Be7 9. O-O Nh6 10. Bf4 b5 11. Qd2 b4 12. Ne2 Nf5 13. Rac1 Nh4 14. Nxh4 Bxh4 15.
g3 Be7 16. b3 h6 17. Bb1 f6 18. Bg6+ Kf8 19. exf6 Bxf6 20. Bd6+ Ne7 21. Nf4 a5
22. Rfe1 Kg8 23. Bxe7 Bxe7 24. Nxe6 Qb6 25. Qe3 Bxe6 26. Qxe6+ Qxe6 27. Rxe6
Kf8 28. Rce1 Ra7 29. Rc6 Ra8 30. Rc7 Bf6 31. Rd7 Bxd4 32. Rxd5 Bf6 33. Rxa5 Rb8
34. Rb5 Rd8 35. Rxb4 h5 36. Rbe4 1-0

[Event "16th 4NCL Congress"]
[Site "Coventry"]
[Date "2017.11.04"]
[Round "3"]
[Board "22"]
[White "Mycock, Ken"]
[Black "Makkar, Rajat"]
[Result "0-1"]
[WhiteElo "1780"]
[BlackElo "1677"]
[PlyCount "36"]
[EventDate "2017.11.03"]
[EventRounds "5"]
[EventCountry "ENG"]

1. e4 c6 2. d4 d5 3. Nc3 dxe4 4. Nxe4 Nd7 5. Nf3 Ngf6 6. Ng3 e6 7. Bd3 c5 8. c3
cxd4 9. Nxd4 Bc5 10. Be3 O-O 11. O-O Nd5 12. Ne4 Nxe3 13. fxe3 Be7 14. Qh5 g6
15. Qh6 Ne5 16. Nf3 Ng4 17. Qf4 Qxd3 18. Qxg4 f5 0-1

[Event "16th 4NCL Congress"]
[Site "Coventry"]
[Date "2017.11.04"]
[Round "3"]
[Board "23"]
[White "Dunkley, Michael"]
[Black "Shenbagakumar, Gautham"]
[Result "1-0"]
[WhiteElo "1713"]
[BlackElo "1569"]
[PlyCount "67"]
[EventDate "2017.11.03"]
[EventRounds "5"]
[EventCountry "ENG"]

1. d4 d5 2. Bf4 Nf6 3. e3 e6 4. Nf3 c5 5. Nbd2 Nc6 6. c3 cxd4 7. exd4 Be7 8.
Bd3 O-O 9. Ne5 a5 10. Qf3 a4 11. Qh3 g6 12. g4 Nd7 13. Qe3 Ndxe5 14. dxe5 d4
15. cxd4 Nxd4 16. O-O b6 17. Ne4 Bb7 18. f3 Bxe4 19. Bxe4 Bc5 20. Kg2 Nb3 21.
Qe2 Nxa1 22. Bxa8 Qxa8 23. Rxa1 Qd5 24. Bg5 Bd4 25. Bf6 a3 26. Re1 axb2 27. Qd2
Qxa2 28. Qh6 b1=Q+ 29. Kh3 Qxh2+ 30. Kxh2 Qc2+ 31. Kh1 Qh2+ 32. Kxh2 Bg1+ 33.
Kxg1 Rd8 34. Qg7# 1-0

[Event "16th 4NCL Congress"]
[Site "Coventry"]
[Date "2017.11.04"]
[Round "3"]
[Board "24"]
[White "Lawrence, Roy A"]
[Black "Horrell, Stephen A"]
[Result "1-0"]
[WhiteElo "1720"]
[BlackElo "1568"]
[PlyCount "101"]
[EventDate "2017.11.03"]
[EventRounds "5"]
[EventCountry "ENG"]

1. d4 Nf6 2. Nf3 d5 3. e3 e6 4. c4 c6 5. Nc3 Bb4 6. Bd3 Nbd7 7. O-O O-O 8. Qc2
dxc4 9. Bxc4 Re8 10. e4 Qc7 11. Bg5 h6 12. Bh4 Qa5 13. e5 Nd5 14. Ne4 b5 15.
Bd3 Nf4 16. a3 Bf8 17. b4 Qb6 18. Rfd1 Nxd3 19. Rxd3 Bb7 20. Nc5 Qc7 21. Bg3 a5
22. Rc1 Nxc5 23. dxc5 axb4 24. axb4 Red8 25. Rcd1 Rd5 26. Rxd5 cxd5 27. Nd4 Bc6
28. Qe2 Qb7 29. Qg4 Qd7 30. Bf4 Kh7 31. h4 Ra3 32. Bc1 Ra4 33. Bd2 Ra3 34. Qf4
Kg8 35. Bc1 Ra4 36. Bd2 Ra3 37. Re1 Be7 38. Bc1 Ra4 39. Bd2 Ra3 40. Qg4 Kh7 41.
Qh5 Kg8 42. g4 Rh3 43. g5 Bxg5 44. Bxg5 hxg5 45. Qxg5 Rd3 46. Qg4 Qc7 47. h5
Be8 48. h6 g6 49. Qh4 Kh7 50. Kg2 Qa7 51. Qf6 1-0

[Event "16th 4NCL Congress"]
[Site "Coventry"]
[Date "2017.11.04"]
[Round "3"]
[Board "25"]
[White "Ross, Stuart"]
[Black "Camp, Syringa Lyn"]
[Result "0-1"]
[WhiteElo "1641"]
[BlackElo "1670"]
[PlyCount "36"]
[EventDate "2017.11.03"]
[EventRounds "5"]
[EventCountry "ENG"]

1. e4 c5 2. Nf3 d6 3. d4 cxd4 4. Nxd4 Nf6 5. Nc3 a6 6. Bg5 e6 7. f4 Be7 8. Qf3
Qc7 9. O-O-O Nc6 10. Nxc6 bxc6 11. Be2 Bb7 12. Rhe1 c5 13. Qd3 h6 14. Bxf6 gxf6
15. Bf3 Rd8 16. Qc4 h5 17. Ne2 Qa5 18. Rd3 Qxe1+ 0-1

[Event "16th 4NCL Congress"]
[Site "Coventry"]
[Date "2017.11.05"]
[Round "4"]
[Board "1"]
[White "Burrows, Nick"]
[Black "Ali, Golam S"]
[Result "1-0"]
[WhiteElo "1908"]
[BlackElo "1871"]
[PlyCount "75"]
[EventDate "2017.11.03"]
[EventRounds "5"]
[EventCountry "ENG"]

1. d4 Nf6 2. Nf3 h6 3. c4 g5 4. Nc3 g4 5. Ne5 d6 6. Nd3 Bf5 7. g3 Nc6 8. e3 Bg7
9. Bg2 O-O 10. O-O Qd7 11. d5 Ne5 12. Nxe5 dxe5 13. e4 Bg6 14. Be3 Ne8 15. Qe2
f5 16. exf5 Bxf5 17. Ne4 Nd6 18. Nc5 Qe8 19. Ne6 Bxe6 20. dxe6 Qg6 21. c5 Nf5
22. Bxb7 Rab8 23. Bd5 e4 24. Rab1 Qh5 25. Bxe4 Nh4 26. gxh4 Rf3 27. Kh1 Rbf8
28. Bxf3 gxf3 29. Qc4 Rf6 30. Rg1 Kh8 31. Rbd1 Kh7 32. Rxg7+ Kxg7 33. Bd4 Qxh4
34. Bxf6+ Qxf6 35. Rg1+ Kh7 36. Qe4+ Kh8 37. Qg6 c6 38. Qf7 1-0

[Event "16th 4NCL Congress"]
[Site "Coventry"]
[Date "2017.11.05"]
[Round "4"]
[Board "2"]
[White "Bennett, Dominic L"]
[Black "Mcewan, Peter"]
[Result "1-0"]
[WhiteElo "1953"]
[BlackElo "1898"]
[PlyCount "61"]
[EventDate "2017.11.03"]
[EventRounds "5"]
[EventCountry "ENG"]

1. g3 Nf6 2. Bg2 g6 3. e4 e5 4. d3 Bg7 5. f4 d6 6. Nf3 Nbd7 7. c4 O-O 8. Nc3
Re8 9. O-O b6 10. Nh4 exf4 11. e5 fxg3 12. exf6 gxh2+ 13. Kh1 Bxf6 14. Bxa8
Bxh4 15. Bf4 Ne5 16. Bxe5 Rxe5 17. Bg2 h5 18. Qf3 Qe8 19. Nd5 Bg4 20. Nf6+ Bxf6
21. Qxf6 Be2 22. Rfe1 Rf5 23. Qc3 Rf2 24. Qd4 Rf5 25. Be4 Bg4 26. Bxf5 Bf3+ 27.
Kxh2 Qd8 28. Bh3 g5 29. Rf1 g4 30. Rxf3 gxf3 31. Rg1+ 1-0

[Event "16th 4NCL Congress"]
[Site "Coventry"]
[Date "2017.11.05"]
[Round "4"]
[Board "3"]
[White "Pink, Joshua"]
[Black "Nandi, Robin J"]
[Result "1-0"]
[WhiteElo "1925"]
[BlackElo "1794"]
[PlyCount "81"]
[EventDate "2017.11.03"]
[EventRounds "5"]
[EventCountry "ENG"]

1. c3 d5 2. Nf3 Nf6 3. d3 c5 4. Nbd2 Nc6 5. e4 e5 6. exd5 Qxd5 7. Nc4 Bg4 8.
Ne3 Qd7 9. Nxg4 Qxg4 10. Qb3 O-O-O 11. h3 Qg6 12. g3 e4 13. Nh4 Qh5 14. Be2 Qd5
15. Qxd5 Rxd5 16. dxe4 Nxe4 17. Bf3 Re5 18. Bf4 Re8 19. Bg4+ Kd8 20. O-O-O+ Ke7
21. Rhe1 Kf6 22. Bd7 Re7 23. f3 Nf2 24. Rd6+ Re6 25. Rdxe6+ fxe6 26. Rxe6+ Kf7
27. Re3 Be7 28. Bc7 g5 29. Nf5 Bf6 30. Kd2 Kg6 31. g4 Kf7 32. Nd6+ Kg6 33. Be8+
Kg7 34. Bxc6 bxc6 35. Ne8+ Kf7 36. Nxf6 Rc8 37. Bg3 Rd8+ 38. Ke2 Nd1 39. Bc7
Rc8 40. Kxd1 Rxc7 41. Ne4 1-0

[Event "16th 4NCL Congress"]
[Site "Coventry"]
[Date "2017.11.05"]
[Round "4"]
[Board "4"]
[White "Holroyd, Nigel P"]
[Black "Hymer, Barry J"]
[Result "1-0"]
[WhiteElo "1997"]
[BlackElo "1809"]
[PlyCount "56"]
[EventDate "2017.11.03"]
[EventRounds "5"]
[EventCountry "ENG"]

1. d4 g6 2. Nf3 Bg7 3. e3 c5 4. Be2 Nf6 5. O-O b6 6. Nbd2 Bb7 7. b3 O-O 8. Bb2
Nc6 9. c4 d5 10. dxc5 bxc5 11. cxd5 Nxd5 12. Bxg7 Kxg7 13. Ne4 Rc8 14. Nxc5 Ba8
15. Qd2 e6 16. Rfd1 Qe7 17. Nd3 Rfd8 18. a3 Kg8 19. Qb2 f6 20. Rac1 e5 21. Nc5
a5 22. h3 Kg7 23. Bc4 Nxe3 24. Ne6+ Qxe6 25. Bxe6 Rxd1+ 26. Rxd1 Nxd1 27. Qc2
Rd8 28. Nd2 Nd4 1-0

[Event "16th 4NCL Congress"]
[Site "Coventry"]
[Date "2017.11.05"]
[Round "4"]
[Board "5"]
[White "Goodfellow, Russell R"]
[Black "Shaw, Meyrick"]
[Result "0-1"]
[WhiteElo "1804"]
[BlackElo "1954"]
[PlyCount "56"]
[EventDate "2017.11.03"]
[EventRounds "5"]
[EventCountry "ENG"]

1. e4 c5 2. Nf3 Nc6 3. d4 cxd4 4. Nxd4 d5 5. Bb5 dxe4 6. Nxc6 Qxd1+ 7. Kxd1 a6
8. Ba4 Bd7 9. Nc3 bxc6 10. Nxe4 e5 11. Be3 f5 12. Nc5 Nf6 13. Ke2 Bxc5 14. Bxc5
Ne4 15. Ba3 Kf7 16. Rhd1 Rad8 17. Rd3 Be6 18. Rxd8 Rxd8 19. f3 Bc4+ 20. Ke1 Rd2
21. fxe4 Rxg2 22. Rc1 f4 23. b3 Be6 24. Bb2 f3 25. Bxc6 Re2+ 26. Kd1 Bg4 27.
Bd5+ Kf6 28. h3 f2 0-1

[Event "16th 4NCL Congress"]
[Site "Coventry"]
[Date "2017.11.05"]
[Round "4"]
[Board "6"]
[White "Di-Vetta, Andrew"]
[Black "De Coverly, Roger D"]
[Result "0-1"]
[WhiteElo "1611"]
[BlackElo "1917"]
[PlyCount "100"]
[EventDate "2017.11.03"]
[EventRounds "5"]
[EventCountry "ENG"]

1. d4 Nf6 2. Nf3 g6 3. g3 Bg7 4. Bg2 O-O 5. O-O d6 6. c3 Nbd7 7. Nbd2 c5 8. e4
Qc7 9. d5 Rb8 10. a4 b6 11. Qe2 a6 12. c4 e6 13. Ra3 exd5 14. exd5 Re8 15. Re3
Bb7 16. Re1 Rxe3 17. Qxe3 Re8 18. Qf4 Rxe1+ 19. Nxe1 Ne5 20. h3 b5 21. axb5
axb5 22. b3 Qa5 23. Bb2 Nfd7 24. Qe3 Qa2 25. Bxe5 Bxe5 26. Nef3 Qa1+ 27. Kh2
bxc4 28. bxc4 Ba6 29. Bf1 Kg7 30. Nxe5 dxe5 31. Kg2 Qd4 32. Qa3 Qxd2 33. Qxa6
Nf6 34. Qa3 Ne4 35. Qe3 Qxe3 36. fxe3 f5 37. Be2 Kf6 38. h4 h6 39. Bd3 Nd6 40.
Kf2 e4 41. Be2 Ke5 42. Kg2 g5 43. Kh3 f4 44. gxf4+ gxf4 45. Kg4 f3 46. Bf1 Nf5
47. Bh3 Nxe3+ 48. Kh5 Nf5 49. d6 Nxd6 50. Kxh6 e3 0-1

[Event "16th 4NCL Congress"]
[Site "Coventry"]
[Date "2017.11.05"]
[Round "4"]
[Board "7"]
[White "Reid, Patrick D"]
[Black "Hamilton, Douglas"]
[Result "1/2-1/2"]
[WhiteElo "1770"]
[BlackElo "1881"]
[PlyCount "52"]
[EventDate "2017.11.03"]
[EventRounds "5"]
[EventCountry "ENG"]

1. d4 e6 2. c4 f5 3. Nf3 Nf6 4. g3 Be7 5. Bg2 O-O 6. O-O d6 7. b3 Ne4 8. Bb2
Bf6 9. Nbd2 Nxd2 10. Qxd2 c5 11. dxc5 dxc5 12. Rad1 Qxd2 13. Rxd2 Bxb2 14. Rxb2
Nc6 15. Ne1 Ne5 16. Rd2 a5 17. Nd3 Nxd3 18. Rxd3 Re8 19. f4 a4 20. Rfd1 axb3
21. axb3 Ra2 22. e4 fxe4 23. Bxe4 g6 24. R1d2 Ra1+ 25. Kg2 Kf8 26. Rd1 Rxd1
 1/2-1/2